Normal view
MARC view
Entry Personal Name
001 - CONTROL NUMBER
- control field: 17405
003 - CONTROL NUMBER IDENTIFIER
- control field: OSt
005 - DATE AND TIME OF LATEST TRANSACTION
- control field: 20230215094707.0
008 - FIXED-LENGTH DATA ELEMENTS
- fixed length control field: 230215|| aca||aabn | a|a d
040 ## - CATALOGING SOURCE
- Original cataloging agency: OSt
- Transcribing agency: OSt
100 ## - HEADING--PERSONAL NAME
- Personal name: ဝါယာမာဘိဝံသ၊ ရှင်၊ သတ္တမမြောက်ကျော်အောင်စံထားဆရာတော်
670 ## - SOURCE DATA FOUND
- Source citation: Work cat.: (OSt): ဝါယာမာဘိဝံသ၊ ရှင်၊ သတ္တမမြောက်ကျော်အောင်စံထားဆရာတော်, ပုတီးစိပ်ကိုယ်တွေ့မှတ်တမ်းသိဒ္ဓိမဟိဒ္ဓိမန္တာန်ဝိဇ္ဇာထွက်လမ်းကျမ်းမြတ်မဟာအတွဲ(၃)\